000 00381 a2200145 4500
001 165347
020 _a
040 _cMagnum
100 _aBrunel University
240 1 0 _aStudy uk 2000: business, law and social sciences edition
_lING
245 1 0 _aStudy uk 2000: business, law and social sciences edition
362 0 _a1899
697 _aLITERATURA ESTRANGEIRA
942 _cBK
999 _c165347
_d165347